Economics of sustainable agriculture and alternate production systems / (Record no. 144852)

MARC details
000 -LEADER
fixed length control field 00967nam a22002297a 4500
005 - DATE AND TIME OF LATEST TRANSACTION
control field 20181120111251.0
010 ## - LCCN (DPL NO)
LC control number 1718EN-30 ENG-121732
020 ## - INTERNATIONAL STANDARD BOOK NUMBER
International Standard Book Number 9789385462474
Terms of availability 1195.00
035 ## - SYSTEM CONTROL NUMBER
System control number EN-105264
035 ## - SYSTEM CONTROL NUMBER
System control number B-686863-865
037 ## - SOURCE OF ACQUISITION
Source of stock number/acquisition Ane Books
Stock number dpl
037 ## - SOURCE OF ACQUISITION
Source of stock number/acquisition DBAD/PUB
082 ## - DEWEY DECIMAL CLASSIFICATION NUMBER
Classification number 630.2745
100 ## - MAIN ENTRY--PERSONAL NAME
Personal name Banerjee, Gangashar
245 ## - TITLE STATEMENT
Title Economics of sustainable agriculture and alternate production systems /
Statement of responsibility, etc by Gangadhar Banerjee [and] Srijeet Banerji
260 ## - PUBLICATION, DISTRIBUTION, ETC. (IMPRINT)
Place of publication, distribution, etc New Delhi
Name of publisher, distributor, etc Ane Books
Date of publication, distribution, etc 2017
270 ## - ADDRESS
Address 4821, Parwana Bhawan, Ist Floor, 24 Ansari Road, Daryaganj,
City New Delhi
Postal code 110002
300 ## - PHYSICAL DESCRIPTION
Extent xxii,214p.
Dimensions 23cm(Hb)
700 ## - ADDED ENTRY--PERSONAL NAME
Personal name Banerji, Srijeet
942 ## - ADDED ENTRY ELEMENTS (KOHA)
Source of classification or shelving scheme Dewey Decimal Classification
Item type English Books
Call number suffix BAN
Classification part 630.2745
Holdings
Withdrawn status Lost status Not for loan Collection code Home library Current library Date acquired Source of acquisition Cost, normal purchase price Full call number Barcode Copy number Cost, replacement price Koha item type
      Non-fiction Ashok Vihar Ashok Vihar 31/01/2018 Ane/ABPL/17-18/2149/29.11.17/BPPD/EN/17-18/635/21.11.2017/ 6.1.2018 1195.00 630.2745 BAN B-686864 1 1195.00 English Books
    Not For Loan Non-fiction D.B.Act.Division Bawana 05/12/2017 DBAD/PUB 1195.00 630.2745 BAN EN-105264 1 1195.00 English Books
      Non-fiction Central Library Central Library 31/01/2018 Ane/ABPL/17-18/2149/29.11.17/BPPD/EN/17-18/635/21.11.2017/ 6.1.2018 1195.00 630.2745 BAN B-686863 1 1195.00 English Books
      Non-fiction Patel Nagar Patel Nagar 31/01/2018 Ane/ABPL/17-18/2149/29.11.17/BPPD/EN/17-18/635/21.11.2017/ 6.1.2018 1195.00 630.2745 BAN B-686865 1 1195.00 English Books

© Delhi Public Library
Hit Counter
free hit counter